000
00305nam a2200109Ia 4500
008
190216s9999||||xx |||||||||||||| ||und||
100
_a
"Lizziamma. Revathy, Arumugam, Etc"
245
0
_a
Medical Colleges Entrance Examination
260
_b
Sura College Of Competition
_c
1985
300
_a
302p
942
_c
REF
999
_c
35714
_d
35714